000 01299namaa22003131i 4500
005 20260610125901.0
008 260610s1995 ua a|||frm||| 000 0 eng d
040 _aEG-GICUC
_beng
_cEG-GICUC
_dEG-GICUC
_erda
041 0 _aeng
_beng
_bara
049 _aDeposit
097 _aM.Sc
099 _aCai01.07.23.M.Sc.1995.Ya.R
100 0 _aYasser Mohamed Ewais El - Shewakh,
_epreparation.
245 1 0 _aThe Response of some ornamental Shrubs to Irrigation with saline water /
_cBy Yasser Mohamed Ewais El - Shewakh ; Supervised Dr. Mohamed Zaki Mahdi, Dr. Mohamed A. A. El-Khateeb
246 1 5 _aاستجابة بعض شجيرات الزينة للري بالماء المالح
264 0 _c1995.
300 _a207 Leaves
_billustrations
_c30 cm. +
336 _2rda content
_atext
337 _2rdamedia
_aUnmediated
338 _2rdacarrier
_avolume
502 _aThesis (M.Sc.)-Cairo University, 1995
504 _aBibliography: pages 192-207
653 0 _aShrubs to Irrigation with saline water
700 0 _aMohamed Zaki Mahdi
_ethesis advisor.
700 0 _aMohamed A. A. El-Khateeb
_ethesis advisor.
900 _DDepartment of Horticulture
_FFaculty of Science
_UCairo University
_b1995
_cMohamed Zaki Mahdi
_cMohamed A. A. El-Khateeb
905 _aNehad
942 _2ddc
_cTH
_e21
_n0
999 _c180480